Cámara de diputados. Diario de los debates del noveno congreso constitucional de la unión

Detalles Bibliográficos
Autor Corporativo: Congreso (9°). Cámara de Diputados (México)
Formato: Libro
Lenguaje:Spanish
Publicado: México : Tipografía Literaria de Filomeno Mata, calle de la Canoa núm. 5, 1879-
Materias:
Colección:Banco de datos
Acervo:Universidad Autónoma Benito Juárez de Oaxaca. Biblioteca Francisco de Burgoa. Colección histórica
Descripción Física:t. ; 27.5 cm.
Tema general:Legislación
Notas:Portada tipográfica con plecas. Texto a dos columnas con paginación en números arábigos, cornisas y signaturas. Tomo con portada y numeración propias. Año del t. 2 publicado en 1879; t. 4: 1880. Paginación: t. 2 1180 p.; t. 4 1271 p. Encuadernación en keratol con lomo en piel (19478). Encuadernación en cartón con lomo en piel (19479). Marca de fuego: Biblioteca Pública del Estado de Oaxaca, Oax. (19478). Daños en la encuadernación, el keratol de las tapas está desprendido (19478)
LEADER 01522nam a22001930004500
035 |a 3358 
041 0 |a spa 
110 1 |a Congreso (9°). Cámara de Diputados (México) 
245 1 0 |a Cámara de diputados. Diario de los debates del noveno congreso constitucional de la unión 
260 |a México : Tipografía Literaria de Filomeno Mata, calle de la Canoa núm. 5, 1879- 
300 |a  t. ; 27.5 cm.  
500 |a Portada tipográfica con plecas. Texto a dos columnas con paginación en números arábigos, cornisas y signaturas. Tomo con portada y numeración propias. Año del t. 2 publicado en 1879; t. 4: 1880. Paginación: t. 2 1180 p.; t. 4 1271 p. Encuadernación en keratol con lomo en piel (19478). Encuadernación en cartón con lomo en piel (19479). Marca de fuego: Biblioteca Pública del Estado de Oaxaca, Oax. (19478). Daños en la encuadernación, el keratol de las tapas está desprendido (19478) 
504 |a Al final del t. 4 está el índice de las sesiones 
505 0 0 |a t. 2 Correspondiente a las sesiones ordinarias celebradas durante el 2° período del primer año.-- t. 4 Correspondiente a las sesiones ordinarias y extraordinarias durante el 2° período del 2° año 
650 1 0 |a Legislación 
852 |a Universidad Autónoma "Benito Juárez" de Oaxaca, Biblioteca Francisco de Burgoa, Colección histórica t. 2 (19478); t. 4 (19479) 
942 |c BURHIS 
943 |g Universidad Autónoma Benito Juárez de Oaxaca. Biblioteca Francisco de Burgoa. Colección histórica 
999 |c 1122201  |d 1122201